Summary of responses to the consultation on site waste management plans held between 2 April to 9 July 2007 (Record no. 107518)

MARC details
000 -LEADER
fixed length control field 01452cad a22002415a 4500
001 - CONTROL NUMBER
control field L140601
008 - FIXED-LENGTH DATA ELEMENTS--GENERAL INFORMATION
fixed length control field 071001s2007 xxk f f000 0 eng d
035 ## - SYSTEM CONTROL NUMBER
System control number (Sirsi) u140601
041 0# - LANGUAGE CODE
Language code of text/sound track or separate title eng
050 04 - LIBRARY OF CONGRESS CALL NUMBER
Classification number 614.76 $2 18
110 1# - MAIN ENTRY--CORPORATE NAME
Corporate name or jurisdiction name as entry element United Kingdom
Subordinate unit Department for Environment Food and Rural Affairs
245 00 - TITLE STATEMENT
Title Summary of responses to the consultation on site waste management plans held between 2 April to 9 July 2007
Medium [electronic resource]
260 ## - PUBLICATION, DISTRIBUTION, ETC.
Place of publication, distribution, etc. London
Name of publisher, distributor, etc. Defra
Date of publication, distribution, etc. 2007
520 ## - SUMMARY, ETC.
Summary, etc. Reveals a generally positive response to government's "Consultation on site waste management plans for the construction industry" (L137400), with 75% of respondents supporting the introduction of statutory Site Waste Management Plans (SWMPs). In addition, 85% of respondents believed SWMPs could help to improve resource efficiency. Views were mixed regarding the level of SWMP thresholds and the best type of criteria to use when setting minimum requirements, although project value is likely to be most practical.
590 ## - LOCAL NOTE (RLIN)
Local note KA
650 24 - SUBJECT ADDED ENTRY--TOPICAL TERM
Topical term or geographic name entry element SITE WASTE MANAGEMENT PLANS
650 24 - SUBJECT ADDED ENTRY--TOPICAL TERM
Topical term or geographic name entry element DRAFT SITE WASTE MANAGEMENT PLANS REGULATIONS 2008
651 #4 - SUBJECT ADDED ENTRY--GEOGRAPHIC NAME
Geographic name England
Chronological subdivision 886-
690 ## - LOCAL SUBJECT ADDED ENTRY--TOPICAL TERM (OCLC, RLIN)
Topical term or geographic name as entry element ENVIRONMENTAL AND LAND CONSULTANCY-WASTE MANAGEMENT
690 ## - LOCAL SUBJECT ADDED ENTRY--TOPICAL TERM (OCLC, RLIN)
Topical term or geographic name as entry element BUILT ENVIRONMENT
856 48 - ELECTRONIC LOCATION AND ACCESS
Uniform Resource Identifier <a href="https://www.defra.gov.uk/corporate/consult/construction-sitewaste/index.htm">https://www.defra.gov.uk/corporate/consult/construction-sitewaste/index.htm</a>
Public note View the consultation responses free of charge at www.defra.gov.uk...
942 ## - ADDED ENTRY ELEMENTS (KOHA)
Suppress in OPAC 0
Holdings
Withdrawn status Lost status Source of classification or shelving scheme Damaged status Not for loan Home library Current library Shelving location Date acquired Total Checkouts Full call number Barcode Date last seen Copy number Price effective from Koha item type
    Dewey Decimal Classification     Virtual Virtual Online 01/10/2007   ONLINE PUBLICATION 140601-2001 06/08/2019 1 06/08/2019 Book